00845pab a2200157 454500008004000000100001600040245006000056260000900116300001500125362001200140520043600152650001900588650002200607650001400629773004400643180718b1997 xxu||||| |||| 00| 0 eng d aSingh, S.S. aIn search of ombudsman - A comment on Lokpal Bill, 1996 c1997 ap.173-180. aApr-Jun aWith a brief background on attempts to establish Ombudsman (Lokpal) at national level, and its nature and characteristics visualised in jurisprudence and the ARC Report, the author critically examines various aspects of the current Lokpal Bill, 1996 and offers suggestions pertaining to its composition, term, jurisdiction, procedure of inquiry, etc., which need to be carefully looked into before the Bill's enactment - Reproduced aLokpal - India aOmbudsman - India aOmbudsman aIndian Journal of Public Administration